Städte, die auf einer Karte mit S beginnen - Statistiken

Allgemein
  • Dieses Quiz wurde 211 mal gespielt
  • Das Durchschnittsergebnis liegt bei 15 aus 30
Antworten auf der Karte
Die Antworten werden auf der Karte rot bzw. grün angezeigt, abhängig davon wie oft sie richtig erraten wurden.
 
Antwortstatistiken
Stadt % Korrekt
San Francisco
91%
Seoul
90%
Sydney
88%
São Paulo
85%
Seattle
85%
Santiago
83%
Sevilla
83%
Shanghai
83%
Sankt Petersburg
77%
Sofia
74%
Straßburg
72%
Singapur
69%
San Diego
67%
San José
52%
Santo Domingo
50%
Sucre
49%
Sheffield
42%
Sapporo
38%
Sotschi
36%
San Antonio
34%
Suez
34%
Shenzhen
32%
Saint Louis
23%
Salvador
21%
San Juan
20%
Surabaya
19%
Savannah
11%
Shenyang
11%
Sendai
10%
Surat
9%
Keine übereinstimmenden Quizze gefunden
Verteilung der Resultate
Anzahl Personen mit jedem Resultat
Perzentil nach korrekt beantworteten Fragen
Ihre Resultats-Entwicklung
Sie haben dieses Quiz noch nicht gespielt